| 000 | 00958nam a22002537a 4500 | ||
|---|---|---|---|
| 005 | 20171020163542.0 | ||
| 008 | 171020b xxu||||| |||| 00| 0 eng d | ||
| 010 | _aB-680564 | ||
| 020 |
_a9788121905992 _c575.00 |
||
| 035 | _aB-680564 | ||
| 037 | _bPansy Books | ||
| 040 |
_adpl _ben |
||
| 082 | _a531 | ||
| 100 | _aMathur, D.S. | ||
| 245 |
_aMechanics: _cfor students of B.Sc.(pass and hons.)also useful for engineering students/ _bby D. S. Mathur; revised by P. S. Hemne |
||
| 250 | _a2016 | ||
| 260 |
_aNew Delhi _bS. Chand _c2016 |
||
| 270 |
_a7361, Ram Nagar _bNew Delhi _e110055 |
||
| 300 |
_axiii, 834p _c24cm(pbk) |
||
| 500 | _aRevised as per UGC Model Curriculum | ||
| 700 | _dHemne, P. S. | ||
| 942 |
_2ddc _cEN _h531 _mMAT |
||
| 999 |
_c146753 _d146753 |
||